000
00188 a2200085 4500
020
_a
9783035625639
100
_a
LILIANE WONG
245
_a
ADAPTIVE REUSE IN ARCHITECTURE
260
_b
BIRKHAUSER
999
_c
13048
_d
13048